000 00302nam a22001217a 4500
008 180730b xxu||||| |||| 00| 0 eng d
082 _a813.52
245 _aReal World Community Health Nursing an Interactive CD-ROM
_cHale,P.J
260 _c2005
300 _a1
_fCD
760 _b2nd
942 _2ddc
_cMX
999 _c46671
_d46671